Decision-Making for Sustainable Development

Trvalo udržateľný rozvoj v kontexte komplexného rámca so zameraním na potrebu väčšej integrácie manažérskeho rozhodovania na globálnej úrovni.

Na minha lista:
Detalhes bibliográficos
Autor principal: Súkeníková, Katarína
Formato: Capítulo de Livro
Idioma:inglês
Assuntos:
Tags: Adicionar Tag
Sem tags, seja o primeiro a adicionar uma tag!

MARC

LEADER 00000naa$a2200000$$$4500
001 0249721
005 20240502074009.4
041 0 |a eng 
044 |a SK 
245 1 0 |a Decision-Making for Sustainable Development  |c Katarína Súkeníková 
520 |a Trvalo udržateľný rozvoj v kontexte komplexného rámca so zameraním na potrebu väčšej integrácie manažérskeho rozhodovania na globálnej úrovni. 
610 2 0 |a rozvoj trvalo udržateľný 
610 2 0 |a procesy rozhodovacie 
610 2 0 |a rozhodovanie manažérske 
610 2 0 |a rozhodovanie strategické 
610 2 0 |a prostredie ekonomické 
100 1 |a Súkeníková, Katarína